Sacramentos en comunidad: comprender, celebrar, vivir para una catequesis a jóvenes y adultos
Tallennettuna:
| Päätekijä: | |
|---|---|
| Aineistotyyppi: | Kirja |
| Kieli: | espanja |
| Julkaistu: |
Bilbao
Desclée de Brouwer
1984
|
| Aiheet: | |
| Tagit: |
Lisää tagi
Ei tageja, Lisää ensimmäinen tagi!
|
MARC
| LEADER | 00000nam a2200000 a 4500 | ||
|---|---|---|---|
| 001 | UCW9294 | ||
| 003 | CL-VaPUC | ||
| 008 | 890118e19840000SP |||||||||||||||||spa|d | ||
| 082 | 0 | 4 | |a 234.16 |b BOR |2 21 |
| 100 | |a Borobio Garcia, Dionisio |e author |9 325690 | ||
| 245 | 1 | 0 | |a Sacramentos en comunidad: comprender, celebrar, vivir para una catequesis a jóvenes y adultos |
| 300 | |a 321 p | ||
| 942 | |c BK | ||
| 945 | |d 19890118 00:00:00 | ||
| 260 | |a Bilbao |b Desclée de Brouwer |c 1984 | ||
| 650 | 0 | |a Sacramentos |9 257270 | |
| 650 | 0 | |a Catequesis |9 314526 | |
| 583 | |a last modification |c 19890118 00:00:00 |k Rodrigo Vera | ||
| 999 | |c 221309 |d 221307 | ||
| 952 | |0 0 |1 0 |4 0 |6 234_160000000000000_BOR_1984 |7 0 |8 A |9 214487 |a BIBTEO |b BIBTEO |d 2019-11-15 |i 2830760 |o 234.16 BOR 1984 |p 2830760 |r 2025-01-17 |w 2019-11-15 |y BK |k ICR | ||